| 000 | 00660nam a2200265Ia 4500 | ||
|---|---|---|---|
| 001 | 20260 | ||
| 005 | 20240114000508.0 | ||
| 007 | ta | ||
| 008 | 060221s1994 a g b000 u 465 u | ||
| 040 | _aCotton College,Assma | ||
| 041 | _a465 | ||
| 082 |
_a530.41 _bRa 137 So |
||
| 100 | _aRaj, G.D. . | ||
| 245 | 0 |
_aSolid State Physics / _cG.D.RAj. _hTextual Documents |
|
| 250 | _a1st ed. / | ||
| 260 |
_aNew Delhi : _bAnmol Publications , _c1994. |
||
| 300 |
_av,441p. : _bill ; _c22cm . |
||
| 504 | _aIndex | ||
| 653 | _aPhysics | ||
| 653 | _aSolids | ||
| 653 | _aG-Physics | ||
| 942 |
_2ddc _cBK |
||
| 999 |
_c20242 _d20242 |
||